Normal view
MARC view
- Numerical language
Entry Topical Term
001 - CONTROL NUMBER
- control field: 27046
003 - CONTROL NUMBER IDENTIFIER
- control field: IN-BhIIT
005 - DATE AND TIME OF LATEST TRANSACTION
- control field: 20260116160134.0
008 - FIXED-LENGTH DATA ELEMENTS
- fixed length control field: 260116|| aca||aabn | a|a d
040 ## - CATALOGING SOURCE
- Original cataloging agency: IN-BhIIT
- Transcribing agency: IN-BhIIT
150 ## - HEADING--TOPICAL TERM
- Topical term or geographic name entry element: Numerical language
670 ## - SOURCE DATA FOUND
- Source citation: Work cat.: (IN-BhIIT)15210: Press, William H. Author 14963, Numerical recipes in fortran 77 :, 1992.